000 00911nam a2200277Ia 4500
001 22089
005 20260320113341.0
008 260320s9999||||xx |||||||||||||| ||und||
022 _a19963076
041 _aESP
082 _aHR 348 DIC 2025
_bSL
100 _a
_e
110 _aGaceta Jurídica
245 0 _aSoluciones laborales :
_bsistema integral de información para abogados, jefes de recursos humanos, administradores y gerentes
246 _a
_5
_b
260 _aLima :
_bGaceta Jurídica,
_c2025
300 _a288 páginas :
_bilustraciones, cuadros ;
_c25 cm.
_e
440 _a
_n
_v
505 _aNúmero 216 (2025)
650 _aCIS
653 _aDerecho - Revista
654 _aDER
700 _a
_c
856 _uhttps://0u214rxt1-y-https-app-vlex-com.itmsp.museknowledge.com/search/jurisdiction:PE/soluciones+laborales
_zVéase además: Base de datos Vlex
942 _cREV
_dJUS
_fMIP
_2ddc
_n
999 _c22089
_d22089